Marketingový plán reštauračného zariadenia "Alas" bakalárska práca

Na minha lista:
Detalhes bibliográficos
Autor principal: Skalková, Alena
Autor Corporativo: Podnikovohospodárska fakulta EU so sídlom v Košiciach. Katedra obchodného podnikania
Outros Autores: Naščáková, Jana
Formato: Livro
Idioma:eslovaco
Publicado em: Košice 2016
Tags: Adicionar Tag
Sem tags, seja o primeiro a adicionar uma tag!

MARC

LEADER 00000nbm a2200000 4500
001 0217618
005 20161219093703.7
041 0 |a slo 
044 |a SK 
245 1 0 |a Marketingový plán reštauračného zariadenia "Alas"  |b bakalárska práca  |c Alena Skalková ; školiteľ: Jana Naščáková 
264 1 |a Košice  |c 2016 
300 |a 51 s. 
100 1 |a Skalková, Alena 
700 1 |a Naščáková, Jana 
710 2 |a Podnikovohospodárska fakulta EU so sídlom v Košiciach. Katedra obchodného podnikania